000 00483nam a2200217Ia 4500
003 OSt
005 20221005132106.0
006 a|||||r|||| 00| 0
007 ta
008 221004b |||||||| |||| 00| 0 eng d
024 _a117755
037 _cTextual
040 _aCRL
_cCRL
_beng
041 _2eng
_aeng
100 _aPanday S N
245 0 _aTextbook of botony
260 _c1973
650 _aBOTANY
942 _cTEXL
_2cc
999 _c1062413
_d1062413